Todos los álbumes de Feid - Estadísticas

Estadísticas generales
  • Esta prueba ha sido intentada 101 veces
  • La puntuación promedio es 6 de 8
Estadísticas de respuestas
Año Álbum % Correcto
2022 FELIZ CUMPLEAÑOS FERXXO
92%
2020 FERXXO (VOL 1: M.O.R.)
92%
2021 INTER SHIBUYA (FERXXO EDITION)
89%
2021 INTER SHIBUYA - LA MAFIA
89%
2020 BAHIA DUCATI
76%
2019 19
72%
2015 Así Como Suena
60%
2017 Así Como Suena
60%
No se encontraron pruebas coincidentes
Distribución de puntuación
Porcentaje de gente con cada puntuación
Porcentaje por número respondido
Historial de tus puntuaciones
No has intentado esta prueba.